| 000 | 00541nam a2200169Ia 4500 | ||
|---|---|---|---|
| 008 | 230917s9999||||xx |||||||||||||| ||und|| | ||
| 020 | _cRS800 | ||
| 040 |
_e232857 _aMAIN |
||
| 041 | _aEnglish | ||
| 082 | _a823.09 M896A:R | ||
| 100 | _aAgrawal, Shuchi | ||
| 245 | 0 | _aReconstructing women's identity: Investigating into the navels of Bharati Mukherjee and Chitra Banerjee Divakaruni | |
| 260 |
_aNew Delhi _bAuthors Press _c2015 |
||
| 300 | _a193 p. | ||
| 500 | _a2317 29/03/2016 UBC15/7446 29/03/2016 Women Studies Centre | ||
| 942 | _cBK | ||
| 999 |
_c18546 _d18546 |
||